Los movimientos indg̕enas y campesinos

Detalles Bibliográficos
Autor principal: Reina Aoyama, Leticia
Formato: eBook
Lenguaje:español
Publicado: [Mx̌ico] : Nostra Ediciones, 2010.
Materias:
Acceso en línea:Acceso restringido

MARC

LEADER 00000nam a22000007a 4500
005 2011083101261.0
008 110831t2010 mx ||||s|||| 00| 0 spa d
020 |a 978-607-7603-49-8  
035 |a 5514 
040 |a vLex 
090 |c 2318  |d 2318 
100 1 |a Reina Aoyama, Leticia 
245 1 4 |a Los movimientos indg̕enas y campesinos  |c Leticia Reina Aoyama   |h [Recurso electrn̤ico] / 
256 |a Servicio en ln̕ea. 
260 |a [Mx̌ico] :  |b Nostra Ediciones,  |c 2010. 
500 |a Los movimientos indg̕enas y campesinos gestados en el pas̕ desde el ocaso del pero̕do colonial hasta nuestros da̕s constituyen no sl̤o uno de los motores fundamentales de nuestra historia –impulsado por las demandas y necesidades de un sector fundamental y marginado de la poblacin̤ del pas̕-, sino que desde ah,̕ y debido a esas movilizaciones –estrechamente vinculadas, adems̀, a las dos revoluciones ahora conmemoradas-, se ha configurado gran parte del rostro de nuestra nacin̤.  
506 1 |a Contenido solo disponible en los productos indicados  |d vLex Global  |d vLex Global (Academic Edition, excluding Law Schools)  |d vLex Global (U.S. Academic Edition, Law Schools)  |d vLex Global (U.S. Academic Edition, excluding Law Schools)  |d vLex Global (Academic Edition, Law Schools) 
650 0 4 |a Indios de Amřica  |z Mx̌ico 
740 0 |a vLex Libros (Servicio en ln̕ea) 
856 4 0 |u http://vlex.com/source/movimientos-indigenas-campesinos-5514  |z Acceso restringido 
942 |c BOOK